Quizz Football (2) - Statistiques

Statistiques générales
  • Ce quiz a été pris 845 fois
  • Le résultat moyen est 6 sur 15
Statistiques - réponses
Hint Réponse % Correct
Qui est le meilleur buteur de l’histoire de Manchester United ? Wayne Rooney (253 buts)
82%
Quel pays a été le premier à remporter deux Coupes du Monde consécutives ? Italie (1934 et 1938)
60%
Qui était l’entraîneur du FC Barcelone avant Xavi ? Ronald Koeman (2020-2021)
59%
Quel a été le club le plus dépensier sur le mercato entre 2015 et 2024 ? Chelsea Football Club (2,78 milliards d’euros)
55%
Quel club détient le record de la plus longue invincibilité en Ligue des Champions ? Manchester City (26 matchs sans défaite 06/09/2022 – 23/10/2024)
47%
Qui a été le capitaine de l'équipe de France lors de la Coupe du Monde 1998 ? Didier Deschamps
43%
Quel gardien détient le record du plus grand nombre de clean sheets en Premier League ? Petr Čech (202 clean sheets)
43%
Quel joueur a disputé le plus grand nombre de matchs en Coupe du Monde ? Lionel Messi (26 sélections)
41%
Quel club a été la première équipe française à atteindre une finale de Ligue des Champions ? Stade de Reims (1956 et 1959)
38%
Quel joueur a terminé meilleur buteur de la Coupe du Monde 2014 ? James Rodriguez (6 buts)
26%
Quel joueur a gagné la Ligue des Champions avec 3 clubs différents ? Clarence Seedorf (Ajax, Réal Madrid, AC Milan)
23%
Qui était l’entraîneur de Manchester City de 2009 à 2013 ? Roberto Mancini
21%
Quel club a remporté la première édition de la Ligue Europa sous cette appellation en 2010 ? Atlético Madrid
10%
Quelle équipe a réalisé le premier triplé Ligue des Champions - Championnat - Coupe dans l’histoire du football ? Celtic Glasgow (1967)
7%
Quel est le buteur de l’histoire de la Ligue 1 ? Delio Onnis (299 buts)
3%
Aucun quiz correspondant
Distribution des résultats
% des personnes avec chaque résultat
Percentile par nombre de réponses
Votre historique - résultats
Vous n’avez pas pris ce quiz